Personnages principaux de BD par images #1 - Statistiques

Statistiques générales
  • Ce quiz a été pris 453 fois
    408 depuis la dernière actualisation
  • Le résultat moyen est 9 sur 15
Statistiques - réponses
Par images Réponse % Correct
Astérix
99%
Tintin
99%
Lucky Luck
97%
Boule & Bill
95%
Gaston Lagaffe
94%
Les Lapins Crétins
94%
Les Schtroumpfs
79%
Le Chat
69%
Kid Paddle
68%
Les Légendaires
42%
Geronimo Stilton
26%
Nelson
19%
Petit Poilu
8%
Agent Jean
2%
Léon
1%
Aucun quiz correspondant
Distribution des résultats
% des personnes avec chaque résultat
Percentile par nombre de réponses
Votre historique - résultats
Vous n’avez pas pris ce quiz depuis la dernière actualisation